| 000 | 00573nam a22001817a 4500 | ||
|---|---|---|---|
| 999 |
_c188875 _d188875 |
||
| 005 | 20220607104249.0 | ||
| 010 | _aENG-133048 | ||
| 020 |
_a978-81-7305-555-3 _c2400.00 |
||
| 035 | _aEN-116580 | ||
| 037 | _bDBAD/PUB | ||
| 082 | _a704.9489452113 | ||
| 100 | _aDhavalikar, M.K. | ||
| 245 |
_aGanes'a: _bThe God of Asia/ _cSubhash Lakhotia |
||
| 260 |
_aNew Delhi _bAryan Books International _c2012 |
||
| 270 |
_aPooja Apartents, 4B, Ansari Road, Darya Ganj _bNew Delhi _e110002 |
||
| 300 |
_axv,173p. _c29cm(hbk) |
||
| 942 |
_2ddc _cEN _mDHA _h704.9489452113 |
||